00355nam a2200121Ia 4500008004100000082002000041100002600061245001600087260004000103300001000143630001800153650006200171211109s9999||||xx |||||||||||||| ||und|| a894.8121bPAL-A aPalai Narayanan, Nair 0aAmarajyothi bNational Book StallaKottayamc1986 a240p. xGENERAL STACK aMALAYALAMvMALAYALAM LITERATURExMALAYALAM ESSAYMalayalam